[Event "36 Open Internacional Ciudad de San Seba"]
[Site "Donostia-San Sebastian"]
[Date "2013.03.24"]
[Round "3"]
[White "Silva Rodriguez, Fernando"]
[Black "Martin-Consuegra Barrilero, Ja"]
[Result "1-0"]
[WhiteElo "2175"]
[BlackElo "1886"]
[PlyCount "101"]
[EventDate "2013.03.23"]
[EventRounds "9"]
[EventCountry "ESP"]

1. d4 d6 2. Nf3 Nf6 3. c4 Nbd7 4. Nc3 c6 5. Bg5 e5 6. e3 Be7 7. Qc2 h6 8. Bh4
a6 9. a4 a5 10. Bd3 Nh5 11. Bxe7 Qxe7 12. O-O-O Nhf6 13. Rhg1 Nb8 14. c5 dxc5
15. Nxe5 Nbd7 16. f4 cxd4 17. exd4 Nxe5 18. dxe5 Nd5 19. Nxd5 cxd5 20. Bb5+ Bd7
21. Rxd5 Bxb5 22. Rxb5 O-O 23. Kb1 Rfc8 24. Qb3 Rc7 25. g4 Ra6 26. g5 Kh7 27.
h4 h5 28. f5 g6 29. Rf1 Qd7 30. e6 fxe6 31. fxg6+ Kxg6 32. Qf3 Qd4 33. Rd1 Qg7
34. Qe4+ Kf7 35. Rxb7 Ra7 36. Rd6 Qg6 37. Qxg6+ Kxg6 38. Rxe6+ Kf5 39. Rxa7
Rxa7 40. Rc6 Kg4 41. Rc4+ Kg3 42. b4 axb4 43. Rxb4 Ra5 44. Kb2 Rf5 45. Rc4 Kh3
46. Kb3 Rf2 47. a5 Rf1 48. Kb4 Rb1+ 49. Kc5 Ra1 50. Kb5 Ra2 51. a6 1-0

[Event "36 Open Internacional Ciudad de San Seba"]
[Site "Donostia-San Sebastian"]
[Date "2013.03.24"]
[Round "3"]
[White "Galarraga Lasa, Jon Gurutz"]
[Black "Aranaz Portugues, Jose Carlos"]
[Result "0-1"]
[WhiteElo "1904"]
[BlackElo "2164"]
[PlyCount "84"]
[EventDate "2013.03.23"]
[EventRounds "9"]
[EventCountry "ESP"]

1. d4 e6 2. Nf3 d5 3. Bf4 c5 4. e3 Nf6 5. c3 cxd4 6. exd4 Bd6 7. Bg3 O-O 8. Bd3
Ne4 9. Nbd2 f5 10. Bxd6 Qxd6 11. Ne5 Nd7 12. Ndf3 Ndf6 13. Qe2 a6 14. a4 Bd7
15. O-O Be8 16. a5 Rc8 17. c4 dxc4 18. Nxc4 Qe7 19. Rfc1 Bc6 20. Nce5 Bd5 21.
h3 Rfd8 22. Bc4 Qb4 23. Rc2 Bxc4 24. Rxc4 Rxc4 25. Qxc4 Qxc4 26. Nxc4 g5 27.
Rd1 g4 28. Nfe5 gxh3 29. gxh3 Nh5 30. Rd3 Nf4 31. Rb3 Rxd4 32. Rxb7 Nxh3+ 33.
Kh2 Nhxf2 34. Rb6 Ng4+ 35. Kg2 Nxe5 36. Nxe5 Rd6 37. Rxd6 Nxd6 38. Nd7 Nb5 39.
Nc5 Nc7 40. b4 Kf7 41. Nxa6 Nxa6 42. b5 Nc7 0-1

[Event "36 Open Internacional Ciudad de San Seba"]
[Site "Donostia-San Sebastian"]
[Date "2013.03.24"]
[Round "3"]
[White "Sierra Carranza, Sergio"]
[Black "Pastor Pons, Pedro Maria"]
[Result "0-1"]
[WhiteElo "1881"]
[BlackElo "2141"]
[PlyCount "94"]
[EventDate "2013.03.23"]
[EventRounds "9"]
[EventCountry "ESP"]

1. d4 Nf6 2. c4 d6 3. Nc3 Nbd7 4. Nf3 c6 5. e4 e5 6. Be2 Be7 7. O-O O-O 8. Qc2
h6 9. Re1 Qc7 10. b3 Re8 11. Bf1 Nf8 12. Be3 Ng6 13. Rac1 Nh7 14. Bd3 Bg4 15.
Nd2 Bg5 16. Bxg5 Nxg5 17. d5 Nf4 18. f3 Bd7 19. Nf1 Qb6+ 20. Ne3 cxd5 21. Ncxd5
Nxd5 22. cxd5 Rac8 23. Qf2 Qd4 24. Rcd1 Qb4 25. Qd2 Qxd2 26. Rxd2 Kf8 27. Ree2
Rc3 28. Nd1 Rc1 29. Kf2 Rec8 30. Ne3 Ke7 31. Rc2 g6 32. Rxc1 Rxc1 33. Rc2 Rxc2+
34. Nxc2 f5 35. h4 Nh7 36. exf5 gxf5 37. g4 Nf6 38. gxf5 Nxd5 39. Be4 Nc3 40.
Nb4 a5 41. Nd5+ Nxd5 42. Bxd5 b6 43. Be4 Kf6 44. Ke3 Bxf5 45. Kd3 Be6 46. h5 d5
47. Bg6 Bf5+ 0-1

[Event "36 Open Internacional Ciudad de San Seba"]
[Site "Donostia-San Sebastian"]
[Date "2013.03.24"]
[Round "3"]
[White "Bello Castano, Diego"]
[Black "Troffiguer, Olivier"]
[Result "0-1"]
[WhiteElo "1839"]
[BlackElo "2119"]
[PlyCount "102"]
[EventDate "2013.03.23"]
[EventRounds "9"]
[EventCountry "ESP"]

1. Nf3 f5 2. b3 d6 3. Bb2 e5 4. e3 Nf6 5. d4 e4 6. Nfd2 d5 7. Be2 Bd6 8. c4 c6
9. Ba3 f4 10. Bxd6 Qxd6 11. Nc3 fxe3 12. fxe3 O-O 13. O-O Be6 14. c5 Qe7 15. b4
a6 16. a4 Nbd7 17. b5 axb5 18. axb5 Rxa1 19. Qxa1 Ng4 20. Bxg4 Bxg4 21. bxc6
bxc6 22. Qa6 Qg5 23. Rxf8+ Nxf8 24. Nf1 Bh3 25. Qe2 Ng6 26. Kh1 Bg4 27. Qa6 Qf6
28. Kg1 h5 29. h3 Bd7 30. Qb7 Qf7 31. Na2 Nh4 32. Qb8+ Kh7 33. Qg3 Nf5 34. Qg5
Qg6 35. Qxg6+ Kxg6 36. Kf2 h4 37. Nb4 Kh5 38. Na6 g5 39. Nb8 Be8 40. Nh2 Nh6
41. Na6 Kg6 42. Nb8 Kf6 43. Na6 Ke7 44. Nb4 Bd7 45. Nc2 g4 46. hxg4 Nxg4+ 47.
Nxg4 Bxg4 48. Nb4 Kd7 49. Ke1 Kc7 50. Kd2 Bf3 51. gxf3 h3 0-1

[Event "36 Open Internacional Ciudad de San Seba"]
[Site "Donostia-San Sebastian"]
[Date "2013.03.24"]
[Round "3"]
[White "Pardo Vaquero, Ignacio"]
[Black "Etxagibel Larranaga, Asier"]
[Result "0-1"]
[WhiteElo "1759"]
[BlackElo "2110"]
[PlyCount "76"]
[EventDate "2013.03.23"]
[EventRounds "9"]
[EventCountry "ESP"]

1. d4 d5 2. Bf4 Nf6 3. Nf3 e6 4. e3 Be7 5. Nbd2 O-O 6. Bd3 c5 7. c3 Nc6 8. Ne5
Bd7 9. h4 Re8 10. g4 cxd4 11. exd4 Qb6 12. Rb1 Red8 13. g5 Nxe5 14. Bxe5 Ne8
15. f4 Bb5 16. Bxh7+ Kxh7 17. Qh5+ Kg8 18. g6 fxg6 19. Qxg6 Qa6 20. Qg4 Bd3 21.
Ra1 Bf5 22. Qg3 Qd3 23. Qxd3 Bxd3 24. Kf2 Nd6 25. h5 Nf5 26. Rag1 Kf7 27. Nf3
Be4 28. Rh2 Bxf3 29. Kxf3 Bf6 30. Kf2 Rh8 31. Rg4 Rh6 32. Ke2 Rah8 33. Rhg2
Rxh5 34. b3 Rh2 35. c4 Rxg2+ 36. Rxg2 Bxe5 37. fxe5 dxc4 38. bxc4 Nxd4+ 0-1

[Event "36 Open Internacional Ciudad de San Seba"]
[Site "Donostia-San Sebastian"]
[Date "2013.03.24"]
[Round "3"]
[White "Thomassen, Thomas"]
[Black "Izagirre Alsua, Aritz"]
[Result "0-1"]
[WhiteElo "2080"]
[BlackElo "1850"]
[PlyCount "99"]
[EventDate "2013.03.23"]
[EventRounds "9"]
[EventCountry "ESP"]

1. c4 d6 2. g3 g6 3. Bg2 Bg7 4. Nc3 Nf6 5. Nf3 O-O 6. O-O a6 7. d4 Nc6 8. d5
Na5 9. Qd3 c5 10. Rb1 Rb8 11. Nd2 b5 12. cxb5 axb5 13. b4 cxb4 14. Rxb4 Nd7 15.
Nxb5 Nc5 16. Qc2 Ba6 17. Bb2 Bxb2 18. Qxb2 Na4 19. Rxa4 Rxb5 20. Qa3 Bc8 21.
Rc1 Nb7 22. Nb3 Bd7 23. Rac4 Qb6 24. Bf3 Rb8 25. Kg2 Na5 26. Rc7 Rb7 27. Rxb7
Nxb7 28. Qa8+ Kg7 29. e3 h5 30. Qb8 Qd8 31. Qxd8 Nxd8 32. Rc7 Rb7 33. Rc3 Kf6
34. Nd4 Ra7 35. a3 Ba4 36. Kf1 e5 37. dxe6 fxe6 38. Ke1 Bd7 39. Kd2 e5 40. Nc2
Ne6 41. Nb4 Nc5 42. Bd5 Bf5 43. f3 e4 44. f4 g5 45. Bc4 h4 46. Be2 hxg3 47.
hxg3 g4 48. Bf1 Be6 49. Nc6 Rh7 50. Nd4 0-1

[Event "36 Open Internacional Ciudad de San Seba"]
[Site "Donostia-San Sebastian"]
[Date "2013.03.24"]
[Round "3"]
[White "Picazo Gonzalez, Alejandro"]
[Black "Gagarin, Vasily"]
[Result "1-0"]
[WhiteElo "1993"]
[BlackElo "1838"]
[PlyCount "49"]
[EventDate "2013.03.23"]
[EventRounds "9"]
[EventCountry "ESP"]

1. e4 e6 2. d4 d5 3. exd5 exd5 4. c4 Nf6 5. Nc3 Be7 6. cxd5 Nxd5 7. Bd3 O-O 8.
Bxh7+ Kxh7 9. Qh5+ Kg8 10. Qxd5 Bd6 11. Nf3 Re8+ 12. Be3 c6 13. Qh5 Bf4 14. Ne5
Bxe5 15. dxe5 Qd3 16. Rd1 Qc2 17. O-O Qxb2 18. Rd4 Qxc3 19. Rh4 Kf8 20. Rc1
Qxc1+ 21. Bxc1 b6 22. Qh8+ Ke7 23. Qxg7 Be6 24. Rd4 Nd7 25. Bg5+ 1-0

[Event "36 Open Internacional Ciudad de San Seba"]
[Site "Donostia-San Sebastian"]
[Date "2013.03.24"]
[Round "3"]
[White "Darrigues, Alain"]
[Black "Rodsmoen, Maud"]
[Result "1-0"]
[WhiteElo "1991"]
[BlackElo "1750"]
[PlyCount "115"]
[EventDate "2013.03.23"]
[EventRounds "9"]
[EventCountry "ESP"]

1. d4 d5 2. c4 c6 3. Nf3 Nf6 4. cxd5 cxd5 5. Nc3 Bf5 6. Qb3 b6 7. Bf4 Nc6 8. e3
Na5 9. Bb5+ Bd7 10. Bxd7+ Qxd7 11. Qb5 e6 12. Rc1 Be7 13. Ne5 Qxb5 14. Nxb5
Bb4+ 15. Ke2 O-O 16. a3 Be7 17. b4 Nb7 18. Rc7 Nd6 19. Nxd6 Bxd6 20. Rc6 Bxe5
21. Bxe5 Nd7 22. Bd6 Rfc8 23. Rhc1 Rxc6 24. Rxc6 b5 25. Bc5 Nxc5 26. dxc5 Kf8
27. Rc7 Ke8 28. Rb7 a6 29. Kd3 e5 30. f4 exf4 31. exf4 a5 32. Kd4 axb4 33. axb4
Rd8 34. c6 Rc8 35. Kxd5 Rd8+ 36. Kc5 Rd2 37. Rb8+ Ke7 38. c7 Rc2+ 39. Kb6 Kd7
40. Rd8+ Ke7 41. c8=Q Rxc8 42. Rxc8 h6 43. Kxb5 Kd7 44. Rc2 g5 45. fxg5 hxg5
46. Ka6 f5 47. b5 g4 48. b6 f4 49. b7 f3 50. gxf3 gxf3 51. b8=Q f2 52. Rxf2 Ke6
53. Qe8+ Kd5 54. Rd2+ Kc4 55. Qc6+ Kb3 56. Qc2+ Kb4 57. Rd4+ Ka3 58. Ra4# 1-0

[Event "36 Open Internacional Ciudad de San Seba"]
[Site "Donostia-San Sebastian"]
[Date "2013.03.24"]
[Round "3"]
[White "Sanchez Merino, Christian"]
[Black "Sanchez Ruesga, Hector"]
[Result "0-1"]
[WhiteElo "1687"]
[BlackElo "1989"]
[PlyCount "60"]
[EventDate "2013.03.23"]
[EventRounds "9"]
[EventCountry "ESP"]

1. e4 c5 2. f4 e6 3. Nf3 d5 4. e5 Ne7 5. g4 h5 6. Ng5 Ng6 7. d3 Be7 8. h4 hxg4
9. Qxg4 Bxg5 10. fxg5 Nxe5 11. Qg3 Nbc6 12. h5 Qe7 13. Bf4 f6 14. Be2 Bd7 15.
h6 O-O-O 16. h7 Be8 17. Nc3 Bg6 18. Nb5 a6 19. a4 Bxh7 20. Na7+ Nxa7 21. Bxe5
fxe5 22. g6 Bxg6 23. Rxh8 Rxh8 24. Qxg6 Rh1+ 25. Bf1 Qh4+ 26. Kd2 Nc6 27. Qxe6+
Kc7 28. Qf7+ Kb6 29. a5+ Ka7 30. Qf8 Qf4+ 0-1

[Event "36 Open Internacional Ciudad de San Seba"]
[Site "Donostia-San Sebastian"]
[Date "2013.03.24"]
[Round "3"]
[White "Torres, Patrice"]
[Black "Buiza Prieto, Eihartze"]
[Result "1/2-1/2"]
[WhiteElo "1975"]
[BlackElo "1690"]
[PlyCount "100"]
[EventDate "2013.03.23"]
[EventRounds "9"]
[EventCountry "ESP"]

1. d4 Nf6 2. Nf3 c5 3. d5 b5 4. c4 d6 5. cxb5 a6 6. bxa6 Bxa6 7. g3 g6 8. Bg2
Bg7 9. O-O Nbd7 10. Re1 O-O 11. Nc3 Nb6 12. Rb1 Bc4 13. e4 Bxa2 14. Nxa2 Rxa2
15. b4 Nfd7 16. bxc5 Nxc5 17. Nd4 Nba4 18. Nc6 Qc7 19. Bd2 Ra8 20. Re3 Nb2 21.
Qf1 Nc4 22. Qxc4 Rxd2 23. Re2 Rxe2 24. Qxe2 Bf6 25. h3 Qc8 26. Kh2 Qa6 27. Qxa6
Rxa6 28. f4 e6 29. e5 dxe5 30. fxe5 Bg5 31. d6 Ra2 32. h4 Be3 33. Rd1 Nd7 34.
Re1 Bh6 35. Kh3 Ra3 36. Kh2 Ra2 37. Kh3 Ra3 38. Ne7+ Kf8 39. Bc6 Ke8 40. Ng8
Bg7 41. Rb1 Kd8 42. Bxd7 Kxd7 43. Rb7+ Kd8 44. Ne7 Rc3 45. Rb8+ Kd7 46. Rb7+
Kd8 47. Rb8+ Kd7 48. Rb7+ Kd8 49. Rb8+ Kd7 50. Rb7+ Kd8 1/2-1/2

[Event "36 Open Internacional Ciudad de San Seba"]
[Site "Donostia-San Sebastian"]
[Date "2013.03.25"]
[Round "4"]
[White "Vocaturo, Daniele"]
[Black "Vazquez Igarza, Renier"]
[Result "1/2-1/2"]
[WhiteElo "2511"]
[BlackElo "2557"]
[PlyCount "48"]
[EventDate "2013.03.23"]
[EventRounds "9"]
[EventCountry "ESP"]

1. Nf3 Nf6 2. c4 g6 3. Nc3 Bg7 4. g3 O-O 5. Bg2 d6 6. d4 Nc6 7. O-O a6 8. Bf4
Rb8 9. Rc1 Bd7 10. Qd2 b5 11. Nd5 Ne4 12. Qe3 f5 13. cxb5 Rxb5 14. Nc3 Nxc3 15.
Qxc3 Kh8 16. Rfd1 Nb4 17. Qxc7 Nxa2 18. Ng5 Qe8 19. Bc6 Bxc6 20. Rxc6 Nb4 21.
Rcc1 Nd5 22. Qa7 Qa8 23. Qd7 Qe8 24. Qa7 Qa8 1/2-1/2

[Event "36 Open Internacional Ciudad de San Seba"]
[Site "Donostia-San Sebastian"]
[Date "2013.03.25"]
[Round "4"]
[White "Alsina Leal, Daniel"]
[Black "Gonzalez Perez, Arian"]
[Result "1-0"]
[WhiteElo "2518"]
[BlackElo "2454"]
[PlyCount "63"]
[EventDate "2013.03.23"]
[EventRounds "9"]
[EventCountry "ESP"]

1. e4 c5 2. Nf3 d6 3. d4 cxd4 4. Nxd4 Nf6 5. Nc3 g6 6. Be3 Bg7 7. f3 O-O 8. Qd2
Nc6 9. O-O-O d5 10. exd5 Nxd5 11. Nxc6 bxc6 12. Bd4 Nxc3 13. Qxc3 Bh6+ 14. Be3
Bxe3+ 15. Qxe3 Qb6 16. Qxe7 Be6 17. Qa3 Rad8 18. Bd3 Rd5 19. Rhe1 Ra5 20. Qc3
Rxa2 21. b3 Ra5 22. Kb2 Bd5 23. Be4 Bxe4 24. Rxe4 Rg5 25. g4 Rc5 26. Qe3 Qa5
27. Rd7 Rd5 28. Rxa7 Qd8 29. Rae7 Qd6 30. Re8 Qxh2 31. Rxf8+ Kxf8 32. Qc3 1-0

[Event "36 Open Internacional Ciudad de San Seba"]
[Site "Donostia-San Sebastian"]
[Date "2013.03.25"]
[Round "4"]
[White "Andres Gonzalez, Alberto"]
[Black "Velten, Paul"]
[Result "1-0"]
[WhiteElo "2542"]
[BlackElo "2385"]
[PlyCount "83"]
[EventDate "2013.03.23"]
[EventRounds "9"]
[EventCountry "ESP"]

1. Nf3 Nf6 2. c4 b6 3. g3 Bb7 4. Bg2 g6 5. O-O Bg7 6. Nc3 O-O 7. d3 c5 8. Bg5
h6 9. Bd2 Nc6 10. a3 d6 11. Rb1 e5 12. b4 Qd7 13. Qa4 Nh5 14. Nh4 g5 15. Nf5
Qxf5 16. Bxc6 Qc8 17. Bd7 Qd8 18. e4 Nf6 19. Bf5 Bc8 20. Bxc8 Qxc8 21. Kg2 Kh7
22. Qd1 Rg8 23. Qf3 Qd7 24. a4 Rab8 25. Rh1 Rbf8 26. Nd1 g4 27. Qe2 Bh8 28. h3
Rg6 29. Ne3 Bg7 30. Nf5 gxh3+ 31. Rxh3 Ng8 32. Rbh1 Qxa4 33. b5 a6 34. Bxh6
Bxh6 35. Qd2 axb5 36. Nxh6 Kg7 37. Nf5+ Kf6 38. Nxd6 b4 39. Nb5 Ke6 40. Rh5 Ne7
41. Rxe5+ Kxe5 42. Qf4+ 1-0

[Event "36 Open Internacional Ciudad de San Seba"]
[Site "Donostia-San Sebastian"]
[Date "2013.03.25"]
[Round "4"]
[White "Osmolny, Vladimir I"]
[Black "Narciso Dublan, Marc"]
[Result "1-0"]
[WhiteElo "2180"]
[BlackElo "2551"]
[PlyCount "113"]
[EventDate "2013.03.23"]
[EventRounds "9"]
[EventCountry "ESP"]

1. d4 f5 2. Nc3 Nf6 3. Bg5 d5 4. Bxf6 exf6 5. e3 Be6 6. g3 Nd7 7. Nge2 c6 8. h4
h5 9. Bg2 Bd6 10. Bh3 g6 11. e4 dxe4 12. Nxe4 Bc7 13. N4c3 Nb6 14. Bg2 Qd7 15.
b3 O-O-O 16. Qd3 Rhe8 17. O-O-O Bf7 18. Rd2 Qe7 19. Kb1 Rd7 20. Rhd1 Red8 21.
f4 Re8 22. Qf3 Qb4 23. Ka1 a5 24. Nb1 Bd5 25. Qf2 Bxg2 26. Qxg2 a4 27. c3 Qa5
28. Kb2 Rde7 29. c4 Qb4 30. Kc2 Re3 31. Nc1 axb3+ 32. axb3 Qa5 33. Rd3 Rxd3 34.
Rxd3 Re1 35. Qd2 Nd7 36. Nc3 Re8 37. Re3 Rd8 38. Qe2 Qa7 39. c5 b6 40. b4 Nb8
41. Re8 Na6 42. Nd3 bxc5 43. Qe6+ Kb7 44. Rxd8 Bxd8 45. Qd7+ Bc7 46. dxc5 Nb8
47. Qf7 Qa6 48. Nb2 Qf1 49. Nc4 Qg2+ 50. Kb3 Na6 51. Qxg6 Bxf4 52. Na5+ Ka7 53.
Qe8 Bc7 54. Nxc6+ Kb7 55. Ne7 Qf3 56. Qc8+ Ka7 57. c6 1-0

[Event "36 Open Internacional Ciudad de San Seba"]
[Site "Donostia-San Sebastian"]
[Date "2013.03.25"]
[Round "4"]
[White "Panelo, Marcelo"]
[Black "Bas Mas, Jose Joaquin"]
[Result "0-1"]
[WhiteElo "2429"]
[BlackElo "2258"]
[PlyCount "92"]
[EventDate "2013.03.23"]
[EventRounds "9"]
[EventCountry "ESP"]

1. d4 Nf6 2. c4 e6 3. Nc3 d5 4. cxd5 exd5 5. Bg5 Be7 6. e3 c6 7. Bd3 Nbd7 8.
Nf3 O-O 9. Qc2 Re8 10. O-O Nf8 11. h3 Be6 12. Ne5 N6d7 13. Bxe7 Qxe7 14. f4 f6
15. Nf3 Bf7 16. Rae1 c5 17. Qf2 Nb6 18. e4 c4 19. Bb1 dxe4 20. Nxe4 Qc7 21. Nh4
Rad8 22. g4 Nd5 23. g5 fxg5 24. fxg5 Ng6 25. Nxg6 Bxg6 26. Nc3 Rxe1 27. Qxe1
Nf4 28. Qe3 Nd3 29. Bxd3 cxd3 30. d5 Re8 31. Qf4 Qb6+ 32. Rf2 Qc5 33. a3 Rf8
34. Qd2 Bh5 35. d6 Qxd6 36. Rxf8+ Kxf8 37. Qf2+ Kg8 38. Ne4 Qe5 39. Qh4 Bg6 40.
Nf2 Qd5 41. Qg4 Bf5 42. Qa4 Bd7 43. Qxa7 Qxg5+ 44. Kf1 d2 45. Qb8+ Kf7 46. Qxb7
Qb5+ 0-1

[Event "36 Open Internacional Ciudad de San Seba"]
[Site "Donostia-San Sebastian"]
[Date "2013.03.25"]
[Round "4"]
[White "Guijarro Galan, Jose Luis"]
[Black "Argandona Riveiro, Inigo"]
[Result "1/2-1/2"]
[WhiteElo "2154"]
[BlackElo "2421"]
[PlyCount "152"]
[EventDate "2013.03.23"]
[EventRounds "9"]
[EventCountry "ESP"]

1. e4 e5 2. Nf3 d6 3. c3 Nf6 4. Qc2 Be7 5. Be2 O-O 6. h3 c5 7. O-O Nc6 8. d3 d5
9. Nbd2 Re8 10. a3 d4 11. Rd1 Bf8 12. Nf1 h6 13. g4 g6 14. Ng3 Bg7 15. Ne1 Nh7
16. Ng2 Ng5 17. Kh2 Ne6 18. c4 Qf6 19. Bd2 Nf4 20. Qc1 Nxg2 21. Kxg2 Qh4 22. f3
Nd8 23. Bf1 Ne6 24. Ne2 f5 25. Be1 Qf6 26. Bd2 fxe4 27. dxe4 d3 28. Ng1 Nf4+
29. Bxf4 exf4 30. Rb1 Qh4 31. Rxd3 Bd4 32. Qe1 Qxe1 33. Rxe1 Bxb2 34. Red1 b6
35. h4 Be6 36. Rd6 Be5 37. R6d2 Kf7 38. Nh3 Ke7 39. Nf2 g5 40. h5 Bc3 41. Rd5
Bd4 42. Bd3 Bxd5 43. exd5 Bxf2 44. Kxf2 Kd6 45. Be4 a6 46. Rb1 Rab8 47. a4 Re7
48. Rb2 b5 49. axb5 axb5 50. cxb5 c4 51. b6 Kc5 52. d6 Kxd6 53. b7 Kc5 54. Ke2
c3 55. Rb3 c2 56. Rc3+ Kd4 57. Rxc2 Rbxb7 58. Rd2+ Kc3 59. Rc2+ Kb3 60. Rc6
Rbc7 61. Rb6+ Kc3 62. Rxh6 Red7 63. Rc6+ Rxc6 64. Bxc6 Rd2+ 65. Kf1 Kd4 66. Be4
Rh2 67. Kg1 Rb2 68. h6 Rb6 69. h7 Rh6 70. Kf2 Kc3 71. Bf5 Kd2 72. Be4 Rh4 73.
Bf5 Rh2+ 74. Kg1 Rh6 75. Kf2 Rh2+ 76. Kg1 Rh6 1/2-1/2

[Event "36 Open Internacional Ciudad de San Seba"]
[Site "Donostia-San Sebastian"]
[Date "2013.03.25"]
[Round "4"]
[White "Pogorelov, Ruslan"]
[Black "Diaz Herrero, Alvaro"]
[Result "1-0"]
[WhiteElo "2403"]
[BlackElo "2160"]
[PlyCount "75"]
[EventDate "2013.03.23"]
[EventRounds "9"]
[EventCountry "ESP"]

1. Nf3 Nf6 2. c4 g6 3. Nc3 d5 4. cxd5 Nxd5 5. d4 Bg7 6. e4 Nxc3 7. bxc3 c5 8.
Be3 cxd4 9. cxd4 Qa5+ 10. Qd2 Nc6 11. Qxa5 Nxa5 12. Rc1 O-O 13. d5 b6 14. Bd3
e6 15. d6 e5 16. Bg5 f6 17. Bd2 Rd8 18. Bxa5 bxa5 19. Bc4+ Kh8 20. Bd5 Rb8 21.
O-O Ba6 22. Rfe1 Rbc8 23. Rc7 Rxd6 24. Rxa7 Bh6 25. h4 Rcd8 26. Rb1 Rc8 27. g3
Rc1+ 28. Rxc1 Bxc1 29. h5 Be2 30. hxg6 hxg6 31. Nh4 f5 32. exf5 Bh5 33. fxg6
Rxd5 34. Rh7+ Kg8 35. Rxh5 Rd1+ 36. Kg2 e4 37. Re5 e3 38. Nf5 1-0

[Event "36 Open Internacional Ciudad de San Seba"]
[Site "Donostia-San Sebastian"]
[Date "2013.03.25"]
[Round "4"]
[White "Thomassen, Joachim"]
[Black "Silva Rodriguez, Julio"]
[Result "1/2-1/2"]
[WhiteElo "2394"]
[BlackElo "2141"]
[PlyCount "55"]
[EventDate "2013.03.23"]
[EventRounds "9"]
[EventCountry "ESP"]

1. d4 Nf6 2. c4 e6 3. Nc3 Bb4 4. e3 O-O 5. Nf3 d5 6. Bd3 c5 7. O-O Nc6 8. a3
Ba5 9. cxd5 exd5 10. dxc5 Bxc3 11. bxc3 Qa5 12. Qc2 Bg4 13. Nd4 Ne5 14. a4 Rfc8
15. Nb3 Qc7 16. f3 Be6 17. Ba3 Bd7 18. Bb5 a6 19. Bxd7 Qxd7 20. Nd2 Qe6 21.
Rab1 Ned7 22. Qd3 Nxc5 23. Bxc5 Rxc5 24. Rxb7 Rac8 25. Qd4 Rxc3 26. Re1 h6 27.
Rb6 R3c6 28. Rxc6 1/2-1/2

[Event "36 Open Internacional Ciudad de San Seba"]
[Site "Donostia-San Sebastian"]
[Date "2013.03.25"]
[Round "4"]
[White "Alonso Rosell, Alvar"]
[Black "Gonzalez Pereira, Asier"]
[Result "1-0"]
[WhiteElo "2552"]
[BlackElo "2053"]
[PlyCount "93"]
[EventDate "2013.03.23"]
[EventRounds "9"]
[EventCountry "ESP"]

1. d4 c5 2. d5 Nf6 3. Nc3 e5 4. e4 d6 5. Bb5+ Nbd7 6. a4 a6 7. Be2 b6 8. Nf3
Be7 9. O-O Nf8 10. Nd2 Ng6 11. Nc4 Rb8 12. Re1 O-O 13. g3 Ne8 14. Ne3 Bg5 15.
Rb1 Bxe3 16. Bxe3 a5 17. Bg4 Bxg4 18. Qxg4 Nc7 19. h4 Qc8 20. Qxc8 Rfxc8 21. h5
Nf8 22. Kg2 b5 23. axb5 Nxb5 24. Nxb5 Rxb5 25. Bd2 c4 26. Bc3 Nd7 27. Ra1 Ra8
28. Ra4 Nb6 29. Ra2 a4 30. Rea1 Kf8 31. Bd2 h6 32. Be3 Rc8 33. c3 Nd7 34. Rxa4
Rxb2 35. Ra6 Nf6 36. Kf3 Ne8 37. R1a4 f5 38. exf5 Ke7 39. g4 Rb3 40. Rc6 Rxc6
41. dxc6 d5 42. Bc5+ Kf6 43. Ra7 d4 44. c7 Nxc7 45. Rxc7 dxc3 46. Be3 Rb4 47.
Ke2 1-0

[Event "36 Open Internacional Ciudad de San Seba"]
[Site "Donostia-San Sebastian"]
[Date "2013.03.25"]
[Round "4"]
[White "Favarel, Antoine"]
[Black "Troffiguer, Olivier"]
[Result "1-0"]
[WhiteElo "2350"]
[BlackElo "2119"]
[PlyCount "61"]
[EventDate "2013.03.23"]
[EventRounds "9"]
[EventCountry "ESP"]

1. d4 f5 2. g3 Nf6 3. Bg2 g6 4. Nf3 Bg7 5. O-O O-O 6. b3 d6 7. Bb2 Qe8 8. c4 e5
9. dxe5 Ng4 10. Qd2 Nxe5 11. Nc3 Nbc6 12. Nd5 Qd8 13. Rac1 Nxf3+ 14. exf3 Bxb2
15. Qxb2 Ne5 16. Rcd1 c6 17. f4 Ng4 18. h3 Nf6 19. Nxf6+ Qxf6 20. Qa3 Rd8 21.
Rd3 Qf8 22. Rfd1 d5 23. Qa5 Be6 24. cxd5 b6 25. Qd2 cxd5 26. Bxd5 Bxd5 27. Rxd5
Rxd5 28. Qxd5+ Kg7 29. Qb7+ Kh6 30. Rd7 Qg8 31. g4 1-0

[Event "36 Open Internacional Ciudad de San Seba"]
[Site "Donostia-San Sebastian"]
[Date "2013.03.25"]
[Round "4"]
[White "Etxagibel Larranaga, Asier"]
[Black "Andres Gonzalez, Ivan"]
[Result "1-0"]
[WhiteElo "2110"]
[BlackElo "2331"]
[PlyCount "125"]
[EventDate "2013.03.23"]
[EventRounds "9"]
[EventCountry "ESP"]

1. e4 c5 2. c3 e6 3. Nf3 d5 4. exd5 Qxd5 5. d4 Nf6 6. Bd3 Nc6 7. O-O Be7 8. Na3
cxd4 9. Nb5 Qd8 10. Nbxd4 Nxd4 11. Nxd4 O-O 12. Re1 Re8 13. Bg5 Qd5 14. Nf3 Rd8
15. Bc2 Qb5 16. Qe2 Qxe2 17. Rxe2 Bd7 18. Rd2 h6 19. Bh4 Bc6 20. Rad1 Rxd2 21.
Rxd2 g5 22. Bg3 Ne4 23. Rd1 Nxg3 24. hxg3 Rc8 25. Bb3 Kg7 26. Ne5 Be8 27. Kf1
b5 28. a3 a5 29. g4 b4 30. axb4 axb4 31. c4 Bf6 32. Nd3 Kf8 33. Ra1 Rd8 34. Ke2
e5 35. f3 e4 36. fxe4 Bc6 37. e5 Bxe5 38. Ra6 Bb7 39. Rb6 Bc8 40. Nxe5 Re8 41.
Kf3 Rxe5 42. Rb8 Re8 43. Rxb4 Kg7 44. Bc2 Bd7 45. Rb6 Rc8 46. b3 Bc6+ 47. Kf2
Ba8 48. Rd6 Bb7 49. Bf5 Ra8 50. Rd2 Ra3 51. Rb2 Ba6 52. Ke2 Rxb3 53. Rxb3 Bxc4+
54. Rd3 Kf6 55. Ke3 Bxd3 56. Bxd3 Ke5 57. Bh7 f6 58. Bc2 Kd5 59. Bg6 Ke5 60.
Be4 h5 61. gxh5 f5 62. h6 Kf6 63. Bxf5 1-0

[Event "36 Open Internacional Ciudad de San Seba"]
[Site "Donostia-San Sebastian"]
[Date "2013.03.25"]
[Round "4"]
[White "Rebole Arbea, Jose Ignacio"]
[Black "Darrigues, Alain"]
[Result "1-0"]
[WhiteElo "2183"]
[BlackElo "1991"]
[PlyCount "79"]
[EventDate "2013.03.23"]
[EventRounds "9"]
[EventCountry "ESP"]

1. g3 c5 2. Bg2 Nf6 3. c4 Nc6 4. Nc3 g6 5. e3 Bg7 6. Nge2 O-O 7. O-O d6 8. d3
Rb8 9. a3 a6 10. Rb1 Bd7 11. b4 cxb4 12. axb4 b5 13. cxb5 axb5 14. f4 Qc8 15.
Bd2 Bh3 16. Qe1 Bxg2 17. Kxg2 Qb7 18. Kg1 Ra8 19. Qf2 e6 20. Qf3 Qb6 21. Kh1 d5
22. g4 Ra3 23. Rfc1 Rfa8 24. g5 Nd7 25. e4 d4 26. Nd1 Nce5 27. fxe5 Nxe5 28.
Qg2 Nxd3 29. Ng3 Nxc1 30. Rxc1 Be5 31. Nf1 Ra1 32. Nf2 Rxc1 33. Bxc1 Ra2 34.
Bd2 Qc7 35. Ng4 d3 36. Qf3 Ra3 37. h4 Bc3 38. Qxd3 Bxb4 39. Nh6+ Kh8 40. Qd4+
1-0

[Event "36 Open Internacional Ciudad de San Seba"]
[Site "Donostia-San Sebastian"]
[Date "2013.03.25"]
[Round "4"]
[White "Ortega Lopez, Mikel"]
[Black "Prieto Martin, Alfonso"]
[Result "0-1"]
[WhiteElo "2016"]
[BlackElo "2181"]
[PlyCount "102"]
[EventDate "2013.03.23"]
[EventRounds "9"]
[EventCountry "ESP"]

1. e4 c5 2. Nf3 e6 3. d4 cxd4 4. Nxd4 Nf6 5. Nc3 Nc6 6. Ndb5 Bb4 7. a3 Bxc3+ 8.
Nxc3 d5 9. exd5 exd5 10. Bd3 O-O 11. O-O d4 12. Ne2 Bg4 13. f3 Bh5 14. Bg5 Qd6
15. Qd2 Rfe8 16. Rad1 Nd5 17. Kh1 h6 18. Bf4 Qf6 19. Rfe1 g5 20. Bg3 Ne3 21.
Be4 Nxd1 22. Rxd1 Rad8 23. Kg1 Bg6 24. Bxg6 Qxg6 25. Bf2 Qe6 26. Nxd4 Nxd4 27.
Bxd4 Qe2 28. c3 Re6 29. b4 a6 30. a4 Rde8 31. h3 Qc4 32. Qf2 Qc7 33. f4 Re2 34.
Qf3 Qxf4 35. Qxf4 gxf4 36. Rf1 Re1 37. Rxe1 Rxe1+ 38. Kf2 Ra1 39. a5 Kf8 40.
Kf3 Ra2 41. Kxf4 Rxg2 42. Ke5 Rg3 43. c4 Ke7 44. b5 axb5 45. cxb5 Rg5+ 46. Kf4
Rxb5 47. Bb6 Ke6 48. Kg4 Kf6 49. h4 h5+ 50. Kf4 Rb4+ 51. Kf3 Kf5 0-1